[Event "BL 9293 Bayern-Empor Berlin"]
[Site "?"]
[Date "1992.??.??"]
[Round "?.5"]
[White "Kindermann, S."]
[Black "Stern, R."]
[Result "1/2-1/2"]
[WhiteElo "2505"]
[BlackElo "2375"]
[PlyCount "100"]
[EventDate "1992.??.??"]

1. d4 Nf6 2. c4 g6 3. Nc3 Bg7 4. e4 d6 5. Nf3 O-O 6. Be2 e5 7. dxe5 dxe5 8.
Qxd8 Rxd8 9. Bg5 Nbd7 10. O-O-O Rf8 11. Ne1 c6 12. Be3 Re8 13. Nc2 Nf8 14. Rd2
Ng4 15. Bxg4 Bxg4 16. f3 Be6 17. b3 Bf6 18. Rhd1 Be7 19. Kb2 h5 20. a3 h4 21.
Nb4 Bc8 22. Nd3 Bf6 23. Ne2 Ne6 24. Nc5 Nxc5 25. Bxc5 Be6 26. Be3 b6 27. Nc1
Red8 28. Rxd8+ Rxd8 29. Rxd8+ Bxd8 30. Nd3 f6 31. Kc3 Kf7 32. Bf2 g5 33. h3 Bd7
34. Be3 Ke6 35. b4 Be8 36. a4 Bd7 37. a5 Bc7 38. a6 Ke7 39. Kb3 Be6 40. Kc3 Bd7
41. Nc1 Ke8 42. Ne2 b5 43. Bxa7 Bc8 44. cxb5 cxb5 45. Kb3 Bxa6 46. Nc3 Bd8 47.
Bc5 Kd7 48. Kc2 Bb7 49. Kd2 Bc6 50. Ke3 Ke6 1/2-1/2

[Event "BL 9293 Bayern-Empor Berlin"]
[Site "?"]
[Date "1992.??.??"]
[Round "?.6"]
[White "Boensch, U."]
[Black "Urban, Ju"]
[Result "1-0"]
[WhiteElo "2490"]
[BlackElo "2400"]
[PlyCount "59"]
[EventDate "1992.??.??"]

1. d4 d6 2. e4 Nf6 3. f3 e5 4. d5 Be7 5. Be3 O-O 6. c4 Nh5 7. Qd2 g6 8. Nc3 f5
9. exf5 gxf5 10. O-O-O Nd7 11. Bd3 Nc5 12. Bc2 a6 13. Nge2 b5 14. g4 Ng7 15.
Rhg1 Kh8 16. b4 Nb7 17. cxb5 axb5 18. Ng3 Qe8 19. gxf5 Bxf5 20. Nxf5 Nxf5 21.
Qg2 Qg6 22. Qh3 Qf7 23. Bd2 Nd4 24. Bg6 Qg7 25. Bh6 Qg8 26. Bh5 c5 27. Rxg8+
Rxg8 28. Qd7 Ra3 29. Qxe7 Rxc3+ 30. Kb1 1-0

[Event "BL 9293 Bayern-Empor Berlin"]
[Site "?"]
[Date "1992.??.??"]
[Round "?.7"]
[White "Thinius, M."]
[Black "Schlosser, P."]
[Result "0-1"]
[WhiteElo "2330"]
[BlackElo "2500"]
[PlyCount "40"]
[EventDate "1992.??.??"]

1. d4 Nf6 2. c4 e6 3. Nf3 b6 4. g3 Bb4+ 5. Bd2 a5 6. Bg2 O-O 7. O-O Ba6 8. Qc2
c5 9. Bf4 cxd4 10. Nxd4 d5 11. b3 Bc5 12. Rd1 Nbd7 13. Bg5 Rc8 14. Nf3 dxc4 15.
bxc4 Bxc4 16. e4 Qc7 17. Bh3 h6 18. Bxf6 Nxf6 19. Nc3 Bb4 20. Rac1 Ba6 0-1

[Event "BL 9293 Bayern-Empor Berlin"]
[Site "?"]
[Date "1992.??.??"]
[Round "?.8"]
[White "Stangl, M."]
[Black "Rosenthal, D."]
[Result "1/2-1/2"]
[WhiteElo "2475"]
[BlackElo "2340"]
[PlyCount "95"]
[EventDate "1992.??.??"]

1. Nf3 Nf6 2. c4 g6 3. g3 Bg7 4. Bg2 O-O 5. d4 d6 6. O-O Nbd7 7. Qc2 e5 8. Rd1
Qe7 9. Nc3 c6 10. b3 Re8 11. dxe5 dxe5 12. Ng5 Nf8 13. a4 Bf5 14. Nge4 Rad8 15.
Ba3 Qc7 16. e3 Ne6 17. Nxf6+ Bxf6 18. Ne4 Be7 19. Bxe7 Qxe7 20. Qc3 f6 21. b4
Kg7 22. h4 Rxd1+ 23. Rxd1 Rd8 24. Rd2 b6 25. Rxd8 Qxd8 26. Nd2 Qd6 27. Bf3 g5
28. g4 Bd3 29. h5 c5 30. b5 e4 31. Bxe4 Bxe4 32. Nxe4 Qd1+ 33. Kh2 Qf3 34. Qc2
Qxg4 35. Ng3 Qf3 36. Qf5 Qxf5 37. Nxf5+ Kf8 38. Nd6 Ke7 39. Nf5+ Kd7 40. Kg3
Nf8 41. Kf3 Ke6 42. Ke4 Nd7 43. f4 g4 44. h6 Nf8 45. Ng3 Nd7 46. Nf5 Nf8 47.
Nh4 Nd7 48. Nf5 1/2-1/2

[Event "BL 9293 München 36-Stadthagen"]
[Site "?"]
[Date "1992.??.??"]
[Round "?.2"]
[White "Hertneck, G."]
[Black "Khalifman, A."]
[Result "0-1"]
[WhiteElo "2560"]
[BlackElo "2635"]
[PlyCount "112"]
[EventDate "1992.??.??"]

1. d4 Nf6 2. c4 e6 3. Nc3 d5 4. Bg5 Be7 5. e3 O-O 6. Rc1 Nbd7 7. Nf3 a6 8. cxd5
exd5 9. Bd3 c6 10. O-O Re8 11. Bf4 Nf8 12. h3 Ng6 13. Bg3 Bd6 14. Bxd6 Qxd6 15.
Na4 Ne4 16. Nd2 Nxd2 17. Qxd2 Nh4 18. Qc2 Qh6 19. Qe2 Nxg2 20. Kxg2 Bxh3+ 21.
Kg3 Re6 22. f4 Rae8 23. Rf3 f5 24. Qh2 Rxe3 25. Rcf1 Qg6+ 26. Kf2 Rxf3+ 27.
Kxf3 Qg4+ 28. Kf2 Bxf1 29. Bxf1 Qd1 30. Nc3 Qxd4+ 31. Kg2 Re6 32. Qh4 Qd2+ 33.
Qf2 Qxf2+ 34. Kxf2 Kf7 35. Bd3 Kf6 36. b4 h6 37. Ne2 Re8 38. Nd4 g6 39. a4 Ke7
40. a5 Kd6 41. Nb3 Re7 42. Nc5 d4 43. Bc4 g5 44. Nb3 Re4 45. fxg5 hxg5 46. Bd3
Re3 47. Nc5 Re7 48. Kg3 Ke5 49. Bc2 g4 50. Bb1 Rh7 51. Nd3+ Kf6 52. Nc5 Rh3+
53. Kf2 f4 54. Nxb7 d3 55. Nc5 Rh2+ 56. Kg1 d2 0-1

[Event "BL 9293 München 36-Stadthagen"]
[Site "?"]
[Date "1992.??.??"]
[Round "?.4"]
[White "Lau, R."]
[Black "Tischbierek, R."]
[Result "1/2-1/2"]
[WhiteElo "2520"]
[BlackElo "2495"]
[PlyCount "31"]
[EventDate "1992.??.??"]

1. e4 c5 2. Nf3 d6 3. d4 cxd4 4. Nxd4 Nf6 5. Nc3 Nc6 6. Bg5 Bd7 7. Qd2 Rc8 8.
O-O-O Nxd4 9. Qxd4 Qa5 10. Bd2 a6 11. Kb1 Qc5 12. Qxc5 Rxc5 13. f3 g6 14. Be3
Rc8 15. Bd4 Bg7 16. g4 1/2-1/2

[Event "BL 9293 München 36-Stadthagen"]
[Site "?"]
[Date "1992.??.??"]
[Round "?.5"]
[White "Keitlinghaus, L."]
[Black "Gruenberg, HU."]
[Result "1-0"]
[WhiteElo "2460"]
[BlackElo "2495"]
[PlyCount "79"]
[EventDate "1992.??.??"]

1. e4 c5 2. Nc3 d6 3. Bb5+ Bd7 4. a4 Nc6 5. f4 a6 6. Bxc6 Bxc6 7. Nf3 Nf6 8. d3
e6 9. a5 Be7 10. O-O O-O 11. Qe1 Rc8 12. h3 Nd7 13. Bd2 Kh8 14. Kh2 Qc7 15. Qg3
d5 16. Rae1 dxe4 17. Nxe4 Bxe4 18. dxe4 b5 19. axb6 Nxb6 20. Ba5 Qb7 21. Bxb6
Qxb6 22. b3 c4 23. Ne5 cxb3 24. cxb3 Qb7 25. Rc1 Rxc1 26. Rxc1 Bf6 27. Nc6 g6
28. Qd3 Bg7 29. Rc4 h6 30. e5 Kh7 31. h4 h5 32. g3 Qb5 33. Qc2 Re8 34. Na7 Qd5
35. Nc8 Rd8 36. Nd6 f6 37. Rc7 fxe5 38. Rxg7+ Kxg7 39. Qc7+ Kh6 40. Nf7+ 1-0

[Event "BL 9293 München 36-Stadthagen"]
[Site "?"]
[Date "1992.??.??"]
[Round "?.6"]
[White "Enders, P."]
[Black "Heissler, J."]
[Result "0-1"]
[WhiteElo "2490"]
[BlackElo "2410"]
[PlyCount "88"]
[EventDate "1992.??.??"]

1. d4 Nf6 2. c4 d6 3. Nc3 Nbd7 4. Nf3 c6 5. e4 e5 6. Be2 Be7 7. O-O O-O 8. h3
a6 9. Rb1 Re8 10. d5 cxd5 11. exd5 g6 12. b4 b6 13. Nh2 Bf8 14. Bg5 h6 15. Be3
Bg7 16. Qd2 Kh7 17. f4 exf4 18. Rxf4 Ne5 19. c5 bxc5 20. bxc5 dxc5 21. Bxc5 Bf5
22. Rd1 Rc8 23. Bb4 a5 24. Ba3 Qb6+ 25. Kh1 Ned7 26. Bb2 Nc5 27. d6 Nce4 28.
Nxe4 Nxe4 29. Rxe4 Rxe4 30. Bxg7 Kxg7 31. Ng4 Bxg4 32. Bxg4 Rd8 33. Qc3+ Kg8
34. Qf6 Rde8 35. Qf1 h5 36. d7 Rd8 37. Be2 Ra4 38. Rb1 Rb4 39. Rd1 Qc6 40. Bf3
Qc7 41. Qe2 Rb6 42. g4 Re6 43. Qb5 Qg3 44. Qf1 Rf6 0-1

[Event "BL 9293 München 36-Stadthagen"]
[Site "?"]
[Date "1992.??.??"]
[Round "?.7"]
[White "Gauglitz, G."]
[Black "Volke, K."]
[Result "1/2-1/2"]
[WhiteElo "2435"]
[BlackElo "2460"]
[PlyCount "129"]
[EventDate "1992.??.??"]

1. d4 Nf6 2. Nf3 g6 3. g3 Bg7 4. Bg2 O-O 5. O-O d6 6. b3 Nc6 7. Bb2 e5 8. dxe5
Ng4 9. c4 Ncxe5 10. Nxe5 dxe5 11. Nc3 c6 12. Qxd8 Rxd8 13. Rad1 Bf5 14. Na4
Rxd1 15. Rxd1 Re8 16. Nc5 Bc8 17. Ne4 Nh6 18. Bc1 Nf5 19. Bg5 Rf8 20. Kf1 f6
21. Bc1 Rf7 22. Rd8+ Rf8 23. Rd3 Be6 24. Ba3 Re8 25. e3 a5 26. Nc5 Bc8 27. Bb2
Kf7 28. Bc3 Bf8 29. Na4 Bb4 30. Bxb4 axb4 31. Rd2 Ng7 32. Nc5 Ne6 33. Nd3 c5
34. Bd5 b6 35. Nb2 Bd7 36. f4 exf4 37. gxf4 Ke7 38. Nd3 g5 39. fxg5 Nxg5 40.
Nf4 Nh3 41. Nh5 Bg4 42. Ng7 Rd8 43. Rg2 h5 44. Rg3 Ng5 45. e4 Kd6 46. h4 Nf3
47. Rxf3 Bxf3 48. e5+ Kxe5 49. Bxf3 Rd4 50. Nxh5 Rxh4 51. Ng3 Rh7 52. Bc6 Kd4
53. Kg2 Ra7 54. Ba4 Rxa4 55. bxa4 Kxc4 56. Ne4 Kd3 57. Nxc5+ bxc5 58. a5 c4 59.
a6 c3 60. a7 c2 61. a8=Q c1=Q 62. Qd5+ Ke3 63. Qf3+ Kd2 64. Qf4+ Kd1 65. Qxb4
1/2-1/2

[Event "BL 9293 München 36-Stadthagen"]
[Site "?"]
[Date "1992.??.??"]
[Round "?.8"]
[White "Pezerovic, E."]
[Black "Heilemann, M."]
[Result "1-0"]
[WhiteElo "2435"]
[BlackElo "2285"]
[PlyCount "121"]
[EventDate "1992.??.??"]

1. Nf3 Nf6 2. d4 e6 3. c3 b6 4. Bg5 Bb7 5. Nbd2 Be7 6. e3 Ne4 7. Bxe7 Qxe7 8.
Nxe4 Bxe4 9. Bd3 Bxd3 10. Qxd3 d5 11. O-O O-O 12. e4 dxe4 13. Qxe4 Nd7 14. Rfe1
Qd6 15. Rad1 Nf6 16. Qh4 Rad8 17. Ne5 c5 18. Rd3 cxd4 19. Rg3 Ne8 20. Nc6 Rd7
21. Nxd4 Qd5 22. b3 Qc5 23. a4 a6 24. h3 g6 25. Qf4 Ng7 26. Rge3 Rc8 27. g4 Rd5
28. Nf3 Qc7 29. Qh6 f6 30. Qh4 Qf4 31. Kg2 Rf8 32. Qg3 Qxg3+ 33. Kxg3 e5 34. c4
Rd7 35. Ra1 b5 36. Rc1 bxc4 37. bxc4 h6 38. c5 Rc8 39. Rb3 e4 40. c6 Rd3 41.
Rxd3 exd3 42. Kf4 Kf7 43. Ke3 Ne6 44. Kxd3 Nf4+ 45. Ke4 Nxh3 46. Kd5 Nxf2 47.
c7 Nd3 48. Rc4 Nf4+ 49. Rxf4 Rxc7 50. Ne5+ Kg7 51. Nc6 Rd7+ 52. Kc5 Rd1 53. Kb6
g5 54. Rd4 Rb1+ 55. Kxa6 h5 56. gxh5 Kh6 57. Rb4 Rxb4 58. Nxb4 g4 59. Nc2 f5
60. Kb7 g3 61. Ne1 1-0

[Event "BL 9293 HSK-Porz"]
[Site "?"]
[Date "1992.??.??"]
[Round "?.2"]
[White "Wahls, M."]
[Black "Christiansen, L."]
[Result "1/2-1/2"]
[WhiteElo "2540"]
[BlackElo "2625"]
[PlyCount "135"]
[EventDate "1992.??.??"]

1. e4 c5 2. Nf3 e6 3. c3 d5 4. exd5 exd5 5. d4 Nc6 6. Bb5 Bd6 7. O-O Nge7 8.
dxc5 Bxc5 9. Nbd2 O-O 10. Nb3 Bb6 11. Nbd4 Bg4 12. Qa4 Bd7 13. Be3 Rc8 14. Rfe1
Ng6 15. Nb3 Re8 16. Bxb6 Qxb6 17. Rad1 Rxe1+ 18. Rxe1 h6 19. Rd1 Be6 20. Bd3
Nf8 21. Rd2 Nd7 22. Qf4 Nf6 23. Nfd4 Bd7 24. Re2 Bg4 25. Re3 Nxd4 26. Qxd4 Qxd4
27. Nxd4 Kf8 28. f3 Bd7 29. Re1 Ne8 30. Kf2 Nc7 31. Bc2 Ne6 32. Rd1 Nc5 33. Ne2
Ba4 34. b3 Bc6 35. Rd2 Ke7 36. b4 Ne6 37. Bb3 Bb5 38. Bxd5 Rd8 39. Ng3 Nf4 40.
Nf5+ Kf6 41. Ne3 Nd3+ 42. Kg3 Ne5 43. Rd4 b6 44. c4 Be8 45. f4 Nc6 46. Ng4+ Ke7
47. Re4+ Kd6 48. Bxc6 Kxc6 49. Re7 a5 50. a3 axb4 51. axb4 Ra8 52. Ne5+ Kd6 53.
Rb7 Ra3+ 54. Kf2 Ra2+ 55. Kf3 b5 56. c5+ Ke6 57. Rb8 Ke7 58. Rb7+ Ke6 59. Ke4
Rxg2 60. Rb8 Ke7 61. Rb7+ Ke6 62. c6 Kd6 63. Kd3 f6 64. c7 Bd7 65. Nf7+ Kc6 66.
Nd8+ Kd6 67. Nf7+ Kc6 68. Nd8+ 1/2-1/2

[Event "BL 9293 HSK-Porz"]
[Site "?"]
[Date "1992.??.??"]
[Round "?.3"]
[White "Hort, V."]
[Black "Ftacnik, L."]
[Result "1/2-1/2"]
[WhiteElo "2560"]
[BlackElo "2535"]
[PlyCount "29"]
[EventDate "1992.??.??"]

1. c4 c5 2. Nf3 Nf6 3. d4 cxd4 4. Nxd4 e5 5. Nb5 d5 6. cxd5 Bc5 7. e3 O-O 8.
N5c3 e4 9. Nd2 Re8 10. Be2 Bf5 11. Nc4 Bb4 12. Bd2 Na6 13. O-O Qd7 14. a3 Bxc3
15. Bxc3 1/2-1/2

[Event "BL 9293 HSK-Porz"]
[Site "?"]
[Date "1992.??.??"]
[Round "?.4"]
[White "Mueller, Ka"]
[Black "Vaganian, R."]
[Result "1/2-1/2"]
[WhiteElo "2490"]
[BlackElo "2615"]
[PlyCount "44"]
[EventDate "1992.??.??"]

1. e4 e6 2. d4 d5 3. Nd2 c5 4. Ngf3 Nc6 5. exd5 exd5 6. Be2 Nf6 7. O-O c4 8.
Re1 Be7 9. b3 cxb3 10. axb3 O-O 11. c3 Bf5 12. Nf1 Ne4 13. Bb2 Be6 14. Bd3 f5
15. N3d2 Qd7 16. Qe2 Rf6 17. b4 Qc7 18. Nb3 b6 19. b5 Nd8 20. Rac1 Rh6 21. c4
Bd6 22. h3 Qf7 1/2-1/2

[Event "BL 9293 HSK-Porz"]
[Site "?"]
[Date "1992.??.??"]
[Round "?.7"]
[White "Vogt, L."]
[Black "Wegner, H."]
[Result "1/2-1/2"]
[WhiteElo "2530"]
[BlackElo "2365"]
[PlyCount "108"]
[EventDate "1992.??.??"]

1. e4 e5 2. Nf3 Nc6 3. Bb5 a6 4. Ba4 Nf6 5. O-O Be7 6. Bxc6 dxc6 7. d3 Nd7 8.
Nbd2 O-O 9. Nc4 f6 10. d4 exd4 11. Nxd4 Nc5 12. f3 Re8 13. Be3 Bf8 14. Re1 Qe7
15. b3 Qf7 16. Qd2 Bd7 17. Qf2 Ne6 18. Nf5 Rad8 19. Red1 Bc8 20. Nb2 b6 21. Qg3
Qg6 22. Qxg6 hxg6 23. Ng3 c5 24. Kf2 Rxd1 25. Rxd1 Nd4 26. c3 Nb5 27. Ne2 g5
28. h3 Be6 29. c4 Nd6 30. Nc3 Nf7 31. Nd5 Bd6 32. Bd2 Rb8 33. Bc3 c6 34. Ne3
Kf8 35. Nd3 a5 36. a4 Bc7 37. Ke2 Re8 38. Kd2 Bc8 39. Kc2 Kg8 40. Ng4 Kf8 41.
Ne3 Nh8 42. Be1 Ng6 43. Nf1 Nf4 44. Nxf4 gxf4 45. Bc3 Kf7 46. Nh2 Be6 47. Ng4
b5 48. axb5 cxb5 49. cxb5 Rb8 50. Ra1 Rxb5 51. Ra3 Bb6 52. Bd2 Bc7 53. Nf2 g5
54. Nd1 Bd6 1/2-1/2

[Event "BL 9293 HSK-Porz"]
[Site "?"]
[Date "1992.??.??"]
[Round "?.8"]
[White "Heinemann, T."]
[Black "Mainka, R."]
[Result "1-0"]
[WhiteElo "2385"]
[BlackElo "2550"]
[PlyCount "131"]
[EventDate "1992.??.??"]

1. e4 c5 2. Nf3 d6 3. d4 cxd4 4. Nxd4 Nf6 5. Nc3 e6 6. g3 a6 7. Bg2 Qc7 8. O-O
Be7 9. a4 Nc6 10. Re1 O-O 11. Be3 Ne5 12. h3 Bd7 13. Qe2 Nc4 14. Bc1 Rac8 15.
b3 Ne5 16. Bb2 Rfe8 17. Rad1 Nc6 18. Nf3 e5 19. Nd5 Nxd5 20. Rxd5 Nb4 21. Rd2
Be6 22. Rc1 Na2 23. Ra1 Nb4 24. c4 a5 25. Ba3 Qb6 26. Qe3 Qxe3 27. fxe3 Na6 28.
Rad1 Nc5 29. Bxc5 Rxc5 30. Ne1 Rc7 31. Nc2 Bd7 32. Rd5 b6 33. Na3 Bc6 34. R5d3
Kf8 35. Nb1 g6 36. Nc3 Rd8 37. h4 h5 38. Bh3 Kg7 39. Rf1 Rb8 40. Rf2 Bf8 41.
Kf1 Be7 42. Ke2 Bf8 43. Rd1 Rd8 44. Rdf1 Kg8 45. g4 hxg4 46. Bxg4 Bg7 47. Kd3
Re8 48. h5 gxh5 49. Bxh5 Ree7 50. Bg4 Kf8 51. Rg1 Ke8 52. Rh2 Kd8 53. Rh7 f6
54. Bf5 Ra7 55. Bg6 Rab7 56. Ne2 Bd7 57. Ng3 Be6 58. Bf5 Bg8 59. Rh4 Rbc7 60.
Nh5 Ke8 61. Rhg4 Kf8 62. Kc3 Rb7 63. Rd1 Bh6 64. Rxd6 Bg5 65. Nxf6 Rg7 66. Nh5
1-0

[Event "BL 9293 Delmenhorst-Koblenz"]
[Site "?"]
[Date "1992.??.??"]
[Round "?.1"]
[White "Seul, G."]
[Black "Hausner, I."]
[Result "1/2-1/2"]
[WhiteElo "2410"]
[BlackElo "2410"]
[PlyCount "85"]
[EventDate "1992.??.??"]

1. e4 c5 2. Nf3 d6 3. c3 Nf6 4. h3 g6 5. Bd3 Bg7 6. Bc2 e5 7. d4 exd4 8. cxd4
cxd4 9. Nxd4 O-O 10. O-O d5 11. e5 Ne4 12. Bf4 Na6 13. Nc3 Nxc3 14. bxc3 Nc5
15. Qd2 Ne6 16. Bg3 Nxd4 17. cxd4 Be6 18. Rab1 b6 19. Bf4 Qd7 20. Bd3 Bf5 21.
Bb5 Qb7 22. Rbc1 Rfc8 23. Bh6 Bxh6 24. Qxh6 a6 25. Be2 Rxc1 26. Rxc1 Rc8 27.
Bf3 Be6 28. h4 Rxc1+ 29. Qxc1 h5 30. Qg5 Kf8 31. Qd8+ Kg7 32. Be2 b5 33. Bd3
Qc8 34. Qf6+ Kh7 35. Kh2 Qd7 36. f3 Bf5 37. Bxf5 Qxf5 38. Qxa6 Qf4+ 39. Kh3
Qxd4 40. Qf6 Kg8 41. Qd8+ Kg7 42. Qf6+ Kg8 43. Qd8+ 1/2-1/2

[Event "BL 9293 Delmenhorst-Koblenz"]
[Site "?"]
[Date "1992.??.??"]
[Round "?.2"]
[White "Pekarek, A."]
[Black "Fritsche, L."]
[Result "1/2-1/2"]
[WhiteElo "2445"]
[BlackElo "2390"]
[PlyCount "112"]
[EventDate "1992.??.??"]

1. Nf3 d6 2. d4 g6 3. c4 Bg7 4. Nc3 Nf6 5. Bg5 c6 6. e4 Qa5 7. Qd2 h6 8. Bh4
Nbd7 9. Be2 g5 10. Bg3 Nh5 11. Rd1 Ndf6 12. e5 Nd7 13. exd6 Nxg3 14. hxg3 exd6
15. Qe3+ Kf8 16. O-O Nf6 17. d5 c5 18. Bd3 Bg4 19. Rfe1 Re8 20. Qc1 Rxe1+ 21.
Rxe1 Nd7 22. Nh2 Nf6 23. Qe3 Qd8 24. Nb5 Bc8 25. Nxa7 Bd7 26. a3 Ne8 27. Qd2
Bf6 28. Nb5 Kg7 29. b4 Qb6 30. Nf1 Be5 31. Ne3 Nf6 32. Nf5+ Bxf5 33. Bxf5 cxb4
34. axb4 Bxg3 35. Qd4 Qxd4 36. Nxd4 Be5 37. Nf3 Bc3 38. Re7 Bxb4 39. Nd4 Re8
40. Rxb7 Bc3 41. Nf3 Kf8 42. Rb3 Be5 43. g3 g4 44. Nh4 Bd4 45. Kf1 Ra8 46. Bb1
Nd7 47. Nf5 Bc5 48. Rb7 Ne5 49. Nxh6 Kg7 50. Nf5+ Kf6 51. Ne3 Bxe3 52. fxe3
Nxc4 53. Kf2 Ra3 54. Rb4 Nxe3 55. Rf4+ Kg7 56. Be4 f6 1/2-1/2

[Event "BL 9293 Delmenhorst-Koblenz"]
[Site "?"]
[Date "1992.??.??"]
[Round "?.4"]
[White "Borik, O."]
[Black "Herbrechtsmeier, C."]
[Result "1-0"]
[WhiteElo "2390"]
[BlackElo "2315"]
[PlyCount "51"]
[EventDate "1992.??.??"]

1. d4 Nf6 2. Nf3 g6 3. c4 Bg7 4. Nc3 d5 5. cxd5 Nxd5 6. e4 Nxc3 7. bxc3 c5 8.
Rb1 O-O 9. Qd2 b6 10. Bb2 Qe8 11. Bd3 Qa4 12. O-O Qxa2 13. d5 Qa4 14. c4 f6 15.
e5 fxe5 16. Nxe5 Bf5 17. Rfe1 Qe8 18. Bxf5 Rxf5 19. Ng4 Qf8 20. Bxg7 Kxg7 21.
Re6 Rf7 22. d6 Nc6 23. Qd5 h5 24. Qxc6 hxg4 25. dxe7 Rxe7 26. Rxe7+ 1-0

[Event "BL 9293 Delmenhorst-Koblenz"]
[Site "?"]
[Date "1992.??.??"]
[Round "?.5"]
[White "Weidemann, J."]
[Black "Schlemermeyer, W."]
[Result "0-1"]
[WhiteElo "2305"]
[BlackElo "2335"]
[PlyCount "112"]
[EventDate "1992.??.??"]

1. e4 c6 2. Nc3 d5 3. d4 dxe4 4. Nxe4 Bf5 5. Ng3 Bg6 6. h4 h6 7. Nf3 Nd7 8. h5
Bh7 9. Bd3 Bxd3 10. Qxd3 Qc7 11. Bd2 e6 12. O-O-O Ngf6 13. Qe2 O-O-O 14. Ne5
Nb6 15. Ba5 Rd5 16. Bxb6 axb6 17. c4 Ra5 18. Kb1 Bd6 19. f4 Rd8 20. Ne4 b5 21.
Nxd6+ Rxd6 22. Qe1 bxc4 23. Nxc4 Rad5 24. Nxd6+ Qxd6 25. Rf1 Rxh5 26. Qg3 g6
27. Rfe1 Rf5 28. Re5 Nh5 29. Qe3 Nxf4 30. Rxf5 gxf5 31. Qg3 Kc7 32. Qg7 Qd5 33.
Qxf7+ Kb6 34. a3 Nxg2 35. Qf8 Ne3 36. Qb4+ Qb5 37. Qxb5+ Kxb5 38. Re1 f4 39. b3
c5 40. dxc5 Kxc5 41. Kc1 Kd4 42. Kd2 e5 43. a4 e4 44. a5 h5 45. Ra1 Nd5 46.
Ra4+ Ke5 47. Rc4 f3 48. b4 f2 49. Rc1 Kd4 50. Ke2 Nf4+ 51. Kf1 e3 52. Rc8 Ke4
53. a6 Kf3 54. Rc3 bxa6 55. b5 Nd5 56. Rc2 h4 0-1

[Event "BL 9293 Porz-Delmenhorst"]
[Site "?"]
[Date "1992.??.??"]
[Round "?.1"]
[White "Hausner, I."]
[Black "Lutz, C."]
[Result "0-1"]
[WhiteElo "2410"]
[BlackElo "2550"]
[PlyCount "80"]
[EventDate "1992.??.??"]

1. e4 c5 2. Nc3 Nc6 3. Nge2 g6 4. d4 cxd4 5. Nxd4 Bg7 6. Be3 Nf6 7. Be2 d6 8.
Nb3 O-O 9. f4 Be6 10. g4 d5 11. f5 Bc8 12. exd5 Nb4 13. Bf3 gxf5 14. a3 fxg4
15. Bg2 Na6 16. Qd2 Bf5 17. h3 g3 18. O-O-O Rc8 19. Rhg1 Bg6 20. Bf3 b5 21. Bh6
Bxh6 22. Qxh6 Qd6 23. Nd4 Rxc3 24. bxc3 Qxa3+ 25. Kd2 Nc5 26. Qe3 Nce4+ 27.
Bxe4 Nxe4+ 28. Ke1 Qc5 29. h4 Nxc3 30. Rd2 Nxd5 31. Qxg3 Nf6 32. Qg5 Qxg5 33.
hxg5 Ne4 34. Re2 e6 35. Re3 Rc8 36. Rg4 Nd6 37. Rg2 b4 38. Kd1 a5 39. Re5 Nc4
40. Re1 Rd8 0-1

[Event "BL 9293 Porz-Delmenhorst"]
[Site "?"]
[Date "1992.??.??"]
[Round "?.2"]
[White "Christiansen, L."]
[Black "Pekarek, A."]
[Result "0-1"]
[WhiteElo "2625"]
[BlackElo "2445"]
[PlyCount "132"]
[EventDate "1992.??.??"]

1. c4 c5 2. Nf3 Nc6 3. d4 cxd4 4. Nxd4 g6 5. e4 Bg7 6. Be3 Nf6 7. Nc3 O-O 8.
Be2 d6 9. O-O Bd7 10. Qd2 Nxd4 11. Bxd4 Bc6 12. f3 Nd7 13. Be3 a5 14. b3 Nc5
15. Rac1 Qb6 16. Nb5 Rfc8 17. Kh1 Qd8 18. Rfd1 Qf8 19. Nc3 Nd7 20. Nd5 a4 21.
b4 a3 22. Bg5 Bxd5 23. Qxd5 b6 24. Be3 Bh6 25. Qd2 Bxe3 26. Qxe3 Rc7 27. Rc3
Rca7 28. f4 Qh6 29. Bg4 Nf8 30. Qf2 Qg7 31. Rdc1 Qf6 32. Qe3 Rb8 33. Rf1 Ra4
34. Rb3 Ne6 35. Rbb1 Qd4 36. Qe2 b5 37. Bxe6 fxe6 38. f5 Qxc4 39. Qd2 Rf8 40.
Rf4 e5 41. Rh4 Rxf5 42. exf5 Qxh4 43. Qd5+ Kg7 44. fxg6 hxg6 45. Qxb5 Ra8 46.
Qd5 Rf8 47. b5 Rf2 48. b6 Rb2 49. Rg1 Rxb6 50. Qf3 Qc4 51. Qxa3 Ra6 52. Qg3
Rxa2 53. h3 Qf4 54. Qd3 Rf2 55. Re1 Qd2 56. Qxd2 Rxd2 57. Kh2 Rf2 58. h4 Kf6
59. Kh3 d5 60. g4 Rf3+ 61. Kg2 e4 62. Rh1 e6 63. Ra1 Ke5 64. Ra8 Rf7 65. Ra3
Kf4 66. Kh3 e3 0-1

[Event "BL 9293 Porz-Delmenhorst"]
[Site "?"]
[Date "1992.??.??"]
[Round "?.3"]
[White "Hermann, Man"]
[Black "Vaganian, R."]
[Result "0-1"]
[WhiteElo "2415"]
[BlackElo "2615"]
[PlyCount "54"]
[EventDate "1992.??.??"]

1. e4 e6 2. d4 d5 3. exd5 exd5 4. Qf3 Nf6 5. h3 c5 6. Bb5+ Nc6 7. Ne2 Qb6 8.
Qd3 c4 9. Qe3+ Be6 10. Ba4 Bd6 11. c3 O-O 12. Qf3 Ne4 13. Bc2 f5 14. b3 Na5 15.
b4 Nc6 16. a4 Rae8 17. Bf4 Bxf4 18. Qxf4 Ne7 19. f3 Ng6 20. Qh2 Nd6 21. f4 Bf7
22. Nd2 Nh4 23. Kf2 Ne4+ 24. Bxe4 fxe4 25. Nf1 e3+ 26. Ke1 Bh5 27. Ra2 Qg6 0-1

[Event "BL 9293 Porz-Delmenhorst"]
[Site "?"]
[Date "1992.??.??"]
[Round "?.5"]
[White "Schlemermeyer, W."]
[Black "Knaak, R."]
[Result "0-1"]
[WhiteElo "2335"]
[BlackElo "2525"]
[PlyCount "70"]
[EventDate "1992.??.??"]

1. e4 e6 2. d4 d5 3. Nc3 Nf6 4. e5 Nfd7 5. f4 c5 6. Nf3 Nc6 7. Be3 cxd4 8. Nxd4
Bc5 9. Qd2 O-O 10. Be2 a6 11. O-O Qc7 12. Kh1 Nxd4 13. Bxd4 b5 14. a3 Bb7 15.
Rad1 Rac8 16. Qe3 Bxd4 17. Rxd4 Nb8 18. Bd3 f5 19. exf6 Rxf6 20. f5 Rh6 21. h3
e5 22. Rxd5 Bxd5 23. Nxd5 Qd6 24. Be4 Nd7 25. f6 Nxf6 26. Qxh6 gxh6 27. Rxf6
Qc5 28. Rf3 Rf8 29. b4 Qd6 30. Rc3 Rf1+ 31. Kh2 Re1 32. Rc8+ Kg7 33. Nc7 Qd2
34. Ne8+ Kf7 35. Bc6 Qf4+ 0-1

[Event "BL 9293 Porz-Delmenhorst"]
[Site "?"]
[Date "1992.??.??"]
[Round "?.6"]
[White "Vogt, L."]
[Black "Breutigam, M."]
[Result "1-0"]
[WhiteElo "2530"]
[BlackElo "2335"]
[PlyCount "83"]
[EventDate "1992.??.??"]

1. e4 e6 2. d4 d5 3. Nc3 Nf6 4. Bg5 Be7 5. e5 Nfd7 6. Bxe7 Qxe7 7. f4 a6 8. Nf3
b5 9. Bd3 b4 10. Ne2 a5 11. O-O Nb6 12. Ng3 g6 13. Nh1 c5 14. c3 Ba6 15. Nf2
Bxd3 16. Qxd3 c4 17. Qc2 h5 18. b3 Nc6 19. bxc4 Nxc4 20. Qa4 Qd7 21. Qb3 a4 22.
Qb1 bxc3 23. Qc1 c2 24. Qe1 Qa7 25. Qc3 Rb8 26. Rfc1 Rb2 27. Nd3 a3 28. Nc5 Nb4
29. Nd2 Nxa2 30. Rxa2 Rxa2 31. Nxc4 dxc4 32. Qxc4 Rb2 33. Nxe6 fxe6 34. Qxe6+
Kd8 35. Qf6+ Kc7 36. Qg7+ Kc6 37. Qxa7 a2 38. Qc5+ Kd7 39. Qd6+ Ke8 40. Qxg6+
Kf8 41. e6 Ke7 42. Qf7+ 1-0

[Event "BL 9293 Porz-Delmenhorst"]
[Site "?"]
[Date "1992.??.??"]
[Round "?.7"]
[White "Wesseln, K."]
[Black "Mainka, R."]
[Result "0-1"]
[WhiteElo "2340"]
[BlackElo "2550"]
[PlyCount "80"]
[EventDate "1992.??.??"]

1. d4 Nf6 2. c4 c5 3. d5 b5 4. cxb5 a6 5. bxa6 g6 6. Nc3 Bxa6 7. g3 d6 8. Bg2
Bg7 9. Nf3 Nbd7 10. O-O Nb6 11. Re1 O-O 12. Bf4 Nc4 13. Qc1 Qa5 14. Nd2 Nb6 15.
Rb1 Rfc8 16. Nb3 Qb4 17. Na1 Bb7 18. Nc2 Qa5 19. Bd2 Qa7 20. Ne3 Rab8 21. a4
Qa8 22. a5 Nbxd5 23. a6 Bc6 24. Nexd5 Nxd5 25. Nxd5 Bxd5 26. Bxd5 Qxd5 27. Bc3
Ra8 28. Ra1 Rc6 29. Bxg7 Kxg7 30. Qe3 Rcxa6 31. Rxa6 Rxa6 32. Qxe7 Qd2 33. Rf1
Rb6 34. e4 Qxb2 35. Qc7 Ra6 36. Qd8 Qd4 37. Qe7 Ra2 38. Qb7 Re2 39. Qb1 Qxe4
40. Qa1+ Qe5 0-1

[Event "BL 9293 Koblenz-HSK"]
[Site "?"]
[Date "1992.??.??"]
[Round "?.1"]
[White "Shirov, A."]
[Black "Seul, G."]
[Result "0-1"]
[WhiteElo "2710"]
[BlackElo "2410"]
[PlyCount "96"]
[EventDate "1992.??.??"]

1. d4 Nf6 2. c4 e6 3. Nf3 Bb4+ 4. Bd2 a5 5. g3 d6 6. Bg2 Nbd7 7. O-O e5 8. Bg5
exd4 9. Nxd4 O-O 10. a3 Bc5 11. Nc3 h6 12. Bf4 Ne5 13. Na4 Ba7 14. Nb5 Bb8 15.
c5 Ng6 16. Be3 d5 17. Nbc3 c6 18. Nb6 Ra6 19. Bd4 Bf5 20. b4 axb4 21. axb4 Rxa1
22. Qxa1 Re8 23. Nd1 Bg4 24. f3 Be6 25. Ne3 Nh5 26. f4 Ngxf4 27. gxf4 Nxf4 28.
Qe1 Qc7 29. Rf2 Nh3+ 30. Bxh3 Bxh3 31. Nf1 Re4 32. e3 Qe7 33. Rf3 Bg4 34. Qf2
Bxf3 35. Qxf3 Qg5+ 36. Kf2 Be5 37. Bxe5 Qxe5 38. Nd7 Qe6 39. Nb6 Rxb4 40. Ng3
Rb2+ 41. Ne2 Rc2 42. Qf4 g5 43. Qa4 Qf5+ 44. Ke1 Qd3 45. Qg4 Qxe3 46. Kf1 d4
47. Nd7 Rxe2 48. Nf6+ Kg7 0-1